|
|
|
|
| LEADER |
00000nam0a2200000 4500 |
| 001 |
64222 |
| 005 |
20231031065455.0 |
| 010 |
|
|
|a 5811405383
|
| 035 |
|
|
|a (RuTPU)RU\TPU\book\68160
|
| 090 |
|
|
|a 64222
|
| 100 |
|
|
|a 20040527d2004 m y0rusy50 ca
|
| 101 |
0 |
|
|a rus
|
| 102 |
|
|
|a RU
|
| 105 |
|
|
|a a j 001zy
|
| 200 |
1 |
|
|a Численные методы
|e учебное пособие
|f Е. А. Волков
|
| 205 |
|
|
|a 3-е изд., испр.
|
| 210 |
|
|
|a СПб.
|c Лань
|d 2004
|
| 215 |
|
|
|a 248 с.
|c ил.
|
| 225 |
1 |
|
|a Учебники для вузов. Специальная литература
|
| 320 |
|
|
|a Библиогр.: с. 244.
|
| 320 |
|
|
|a Предметный указатель: с. 245-248.
|
| 451 |
|
1 |
|0 (RuTPU)RU\TPU\book\114028
|y 978-5-8114-0538-1
|t Численные методы
|o учебное пособие для вузов
|f Е. А. Волков
|e 4-е изд., стер.
|c СПб.
|n Лань
|d 2007
|p 256 с.
|a Волков, Евгений Алексеевич
|
| 451 |
|
1 |
|0 (RuTPU)RU\TPU\book\40677
|t Численные методы
|o учебное пособие
|f Е. А. Волков
|e 2-е изд., испр.
|c М.
|n Наука
|d 1987
|p 248 с.
|a Волков, Евгений Алексеевич
|
| 610 |
1 |
|
|a математика
|
| 610 |
1 |
|
|a численные методы
|
| 610 |
1 |
|
|a учебные пособия
|
| 610 |
1 |
|
|a функции
|
| 610 |
1 |
|
|a приближения
|
| 610 |
1 |
|
|a многочлены
|
| 610 |
1 |
|
|a численное интегрирование
|
| 610 |
1 |
|
|a линейная алгебра
|
| 610 |
1 |
|
|a нелинейные системы
|
| 610 |
1 |
|
|a нелинейные уравнения
|
| 610 |
1 |
|
|a решение
|
| 610 |
1 |
|
|a краевые задачи
|
| 610 |
1 |
|
|a уравнения
|
| 610 |
1 |
|
|a разностные схемы
|
| 675 |
|
|
|a 519.6(075.8)
|v 3
|
| 700 |
|
1 |
|a Волков
|b Е. А.
|g Евгений Алексеевич
|
| 801 |
|
1 |
|a RU
|b 63413507
|c 20040527
|g PSBO
|
| 801 |
|
2 |
|a RU
|b 63413507
|c 20170330
|g PSBO
|
| 942 |
|
|
|c BK
|